Carbenes nitrenes and arynes (Record no. 33379)

MARC details
000 -LEADER
fixed length control field 00307nam a2200121Ia 4500
082 ## - DEWEY DECIMAL CLASSIFICATION NUMBER
Classification number 547.12
Item number GIL
100 ## - MAIN ENTRY--AUTHOR NAME
Personal name Gilchrist, T L
245 #0 - TITLE STATEMENT
Title Carbenes nitrenes and arynes
260 ## - PUBLICATION, DISTRIBUTION, ETC. (IMPRINT)
Place of publication New York
Name of publisher Appleton Century
Year of publication 1969
700 ## - ADDED ENTRY--PERSONAL NAME
Personal name Rees, C W
942 ## - ADDED ENTRY ELEMENTS (KOHA)
Koha item type Books
Holdings
Withdrawn status Lost status Damaged status Not for loan Home library Current library Date acquired Cost, normal purchase price Full call number Accession Number Koha item type
        RRII Library RRII Library 16/12/2021 12.50 547.12 GIL 13877 Books